| 000 | 00440nam a22001457a 4500 | ||
|---|---|---|---|
| 082 | _aBE-EE-3 | ||
| 100 |
_aMuhammad Fahad Khan _915155 |
||
| 245 | _aMotor current signal analysis | ||
| 260 |
_aIslamabad _bNUST-SEECS _c2015 |
||
| 300 |
_a53 _eCD Include |
||
| 500 | _aSupervisors: Dr. Usman Younis, Maira Islam | ||
| 700 |
_aMuhammad Mohsin Ashiq _993010 |
||
| 856 | _uhttp://10.250.8.41:8080/xmlui/handle/123456789/10824 | ||
| 942 |
_cPR _2ddc |
||
| 999 |
_c13263 _d13263 |
||